Malaysian industrial relations and employment law

Bibliographic Details
Main Author: Maimunah Aminuddin (Author)
Format: Book
Language:English
Published: Kuala Lumpur : McGraw Hill , 2011
Edition:7th ed.
Subjects:

MARC

LEADER 00000cam a2200000 7i4500
001 0000079813
005 20140507093000.0
008 120708s2011 my eng
020 |a 9789675771262 (paperback :alk. paper) 
050 0 0 |a d42 KPG1220   |b .M35 2011 
090 0 0 |a d42 KPG1220   |b .M35 2011 
100 1 |a Maimunah Aminuddin ,   |e author 
245 1 0 |a Malaysian industrial relations and employment law   |c Maimunah Aminuddin 
250 |a 7th ed. 
260 |a Kuala Lumpur :   |b McGraw Hill ,   |c 2011 
300 |a xvi, 416 p. :   |b ill. ;   |c 23 cm. 
500 |a Includes index 
505 0 |a 1. An overview -- 2. The employment act and related acts -- 3. The social security laws -- 4. The law on occupational safety and health -- 5. Trade unions -- 6. Collective bargaining -- 7. Trade disputes and industrial action -- 8. The industrial court -- 9. Discipline at the workplace 
650 0 |a Industrial laws and legislation   |z Malaysia 
650 0 |a Industrial relations   |z Malaysia 
650 0 |a Labor laws and legislation   |z Malaysia 
999 |a 1000149786   |b Book   |c OPEN SHELF (30 DAYS)   |e Gong Badak Campus